[Event "YUG-ch"]
[Site "Kladovo"]
[Date "1990.??.??"]
[Round "?"]
[White "Ilincic, Zlatko"]
[Black "Kozul, Zdenko"]
[Result "0-1"]
[WhiteElo "2490"]
[BlackElo "2575"]
[Annotator "Boensch,U"]
[PlyCount "63"]
[EventDate "1990.02.??"]
[EventType "tourn"]
[EventRounds "15"]
[EventCountry "YUG"]
[EventCategory "9"]
[SourceTitle "CBM 017"]
[Source "ChessBase"]
[SourceDate "1990.08.01"]
[SourceVersion "1"]
[SourceVersionDate "1990.08.01"]
[SourceQuality "1"]

1. e4 {Bönsch} c5 2. Nf3 Nc6 3. d4 cxd4 4. Nxd4 Nf6 5. Nc3 d6 6. Bc4 Qb6 7. Nb3
e6 8. Qe2 {8.0-0; 8.Lg5; 8.Le3} Be7 9. Be3 Qc7 10. f4 a6 11. O-O-O b5 12. Bd3
Bb7 13. Kb1 O-O 14. g4 Nd7 15. g5 b4 16. Na4 Na7 $1 17. Nd4 (17. h4 $2 Bc6 $19)
17... Qa5 18. b3 Rfc8 19. Bc1 Nc5 20. Nxc5 dxc5 21. Nf3 Nb5 $19 22. Bb2 Nc3+
23. Bxc3 bxc3 24. Ka1 (24. Qe3 c4 25. Bxc4 Rxc4 $19) 24... c4 $1 25. Bxc4 Qa3
26. Rb1 Bb4 $1 (26... Rc5 27. b4) 27. Qe3 Rc5 28. Qxc5 Bxc5 29. Bd3 a5 30. Ne5
Be7 31. h4 Qd6 32. h5 0-1

[Event "Bern zt"]
[Site "Bern"]
[Date "1990.??.??"]
[Round "5"]
[White "Brunner, Lucas"]
[Black "Lobron, Eric"]
[Result "1-0"]
[WhiteElo "2525"]
[BlackElo "2545"]
[Annotator "Boensch,U"]
[PlyCount "101"]
[EventDate "1990.01.??"]
[EventType "tourn"]
[EventRounds "15"]
[EventCountry "SUI"]
[EventCategory "9"]
[SourceTitle "CBM 017"]
[Source "ChessBase"]
[SourceDate "1990.08.01"]
[SourceVersion "1"]
[SourceVersionDate "1990.08.01"]
[SourceQuality "1"]

1. e4 {Bönsch} c5 2. Nf3 d6 3. d4 cxd4 4. Nxd4 Nf6 5. Nc3 Nc6 6. Bc4 Qb6 7. Nb3
e6 8. O-O a6 9. Bg5 Ne5 10. Be2 Be7 11. Kh1 h5 (11... O-O 12. f4 Ng6 13. Bh5
Nxh5 14. Bxe7 Ng3+ 15. hxg3 Nxe7 16. Qd3 d5 {remis; Brunner,L - Gulko,B
München 1990}) 12. a4 (12. Bxf6 $2 Bxf6 13. Bxh5 Nc4 $17) 12... Bd7 13. a5 Qc7
14. f4 Ng6 15. Bf3 h4 16. Qe2 Ng8 $1 17. Bxe7 N8xe7 18. Qd2 e5 19. f5 Nf4 20.
Nc1 (20. Rad1 Rh6) 20... g5 $6 (20... Bc6 21. Nd3 g5 22. fxg6 (22. Nb4 Ng8 $17)
22... Nexg6 23. Bg4 $13) 21. fxg6 fxg6 22. Rd1 $1 g5 23. Qxd6 Qxd6 24. Rxd6 g4
25. Bd1 g3 26. Nd3 h3 $6 (26... O-O-O 27. Nxe5 h3 28. gxh3 g2+ 29. Kg1 Rdg8 30.
Bg4 Bxg4 31. hxg4 Rg5 32. Nd3 (32. Rf6 Nh3+ 33. Kxg2 Rxe5 $17) 32... Neg6 $17)
27. Nxf4 exf4 28. hxg3 fxg3 29. Be2 O-O-O 30. Rad1 hxg2+ (30... h2 $2 31. Rxd7
$1 Rxd7 32. Bg4 Rhd8 33. Ne2 $18) 31. Kxg2 Kc7 32. R6d3 Ng6 33. Nd5+ Kb8 34.
Rxg3 $18 Nh4+ 35. Kg1 Bc6 36. c4 Rde8 37. Bd3 Re6 38. Rf1 Ng6 39. Rf6 Rxf6 40.
Nxf6 Ne5 41. Be2 Kc7 42. b4 Kd6 43. b5 Be8 44. Rg7 axb5 45. cxb5 Bd7 46. Nxd7
Nxd7 47. e5+ Nxe5 48. Rxb7 Rh3 49. a6 Ra3 50. a7 Kc5 51. Kf2 1-0

[Event "Petrov Memorial op"]
[Site "St Petersburg"]
[Date "1996.??.??"]
[Round "9"]
[White "Fedorov, Alexei"]
[Black "Mukhametov, Eldar"]
[Result "0-1"]
[WhiteElo "2540"]
[BlackElo "2505"]
[Annotator "Boensch,U"]
[PlyCount "50"]
[EventDate "1996.02.??"]
[EventType "swiss"]
[EventRounds "9"]
[EventCountry "RUS"]
[SourceTitle "CBM 052"]
[Source "ChessBase"]
[SourceDate "1996.06.01"]
[SourceVersion "1"]
[SourceVersionDate "1996.06.01"]
[SourceQuality "1"]

1. e4 c5 2. Nf3 Nc6 3. Nc3 d6 4. d4 cxd4 5. Nxd4 Nf6 6. Bc4 Qb6 7. Nb3 e6 8.
Bg5 (8. Bf4 Ne5 9. Be2 a6 10. Be3 Qc7 11. f4 Nc4 12. Bxc4 Qxc4 13. Qf3 Qc7 14.
f5 Rb8 15. Ba7 Ra8 16. Bd4 e5 17. Be3 b5 18. a3 Bb7 19. Bg5 Nd7 20. O-O h6 21.
Bh4 Be7 22. Bxe7 Kxe7 23. Rf2 Nf6 $10 {1/2-1/2 Nijboer,F-Van der Wiel,J/Wijk-B
(02) ;CBM 52_06 1996 (35)}) 8... Be7 9. O-O O-O (9... Ne5 10. Be2 a6 11. Kh1
Ng6 12. a4 Qc7 13. Be3 O-O 14. f4 Bd7 15. Qe1 b5 $15 {0-1 Burden,J-Stefansson,
H/Reykjavik op (01) ;CBM 52_06 1996 (41)}) 10. Bxf6 Bxf6 (10... gxf6 11. Kh1
Ne5 12. Be2 Kh8 13. f4 Ng6 14. a4 Rg8 15. a5 Qc7 16. Qd2 Bd7 17. g3 a6 $14 {
De Firmian,N-Rachels,S USA-ch m 1990 1-0 44}) 11. Qxd6 Rd8 12. Qg3 Be5 (12...
Qb4 13. Be2 Bxc3 14. Qxc3 Qxe4 15. Rfe1 Bd7 (15... Rb8 $6 16. Bf3 Qb4 17. Qxb4
Nxb4 18. Rad1 Re8 19. Re4 $16 {Kuzmin,A-Kiselev,S URS 1988 - Inf.45/229}) 16.
Rad1 Qb4 17. Qxb4 Nxb4 18. c3 Nd5 19. Bf3 $14 {Kuzmin,A-Baikov,A URS 1988 -
Inf.45/229}) 13. Qh3 Bd7 14. Rad1 $2 $146 (14. Kh1 Qb4 15. Bd3 (15. Be2 Bxc3
16. bxc3 Qe7 (16... Qxe4 $2 17. Bd3 $18) 17. f4 $14) 15... Bxc3 16. a3 (16.
bxc3 Qxc3 $15 {1/2-1/2 Sion Castro,M-Franco,Z/Leon (01) 1992 (30)}) 16... Qe7
17. bxc3 e5 18. Qe3 Be6 19. a4 f6 20. Rfb1 Bf7 21. a5 Qc7 22. Be2 Rd6 23. Qc5
Rad8 24. h3 b6 25. axb6 axb6 26. Qb5 Na7 27. Qb4 Nc6 28. Qb5 Na7 29. Qb4 Nc6 {
1/2-1/2 Brunner,L-Khalifman,A/Luzern WchT (SUI-RUS) (1) 1993}) 14... Nb4 15.
Na1 (15. Bd3 Bxc3 16. bxc3 Nxa2 17. e5 h6 $17) 15... Rac8 16. Bb3 Na6 $1 17.
Qh5 Qc7 18. Rd3 $2 {Der weiße K-Angriff bleibt ein Wunschtraum, dafür schwächt
er aber seine Grundreihe entscheidend.} Nc5 19. Rh3 h6 20. Kh1 Bc6 21. f3 Rd2
22. Nb1 {[%csl Ya1,Yb1] So schlecht platzierte N sieht man selten.} Nxb3 23.
axb3 (23. Nxb3 Rxc2 24. Na3 Rxb2 25. Nc4 Bb5 $1 $19) 23... Rd7 24. Nc3 (24. c3
Rcd8 25. Nc2 Rd1 26. Ne3 Rxf1+ 27. Nxf1 Rd1 28. Nbd2 Bf4 $19) 24... Rcd8 25. f4
Bxc3 (25... Bxc3 26. Rxc3 Qxf4 $1 27. Rcf3 Qxe4 $19) 0-1

[Event "USA-ch"]
[Site "Greenville"]
[Date "1983.??.??"]
[Round "10"]
[White "Soltis, Andrew E"]
[Black "Whitehead, Jay E"]
[Result "1/2-1/2"]
[WhiteElo "2455"]
[BlackElo "2325"]
[Annotator "Bulletin"]
[PlyCount "63"]
[EventDate "1983.07.??"]
[EventType "tourn"]
[EventRounds "13"]
[EventCountry "USA"]
[EventCategory "10"]
[SourceTitle "MCL"]
[Source "ChessBase"]
[SourceDate "1999.07.01"]
[SourceVersion "1"]
[SourceVersionDate "1999.07.01"]
[SourceQuality "1"]

1. e4 c5 2. Nf3 Nc6 3. d4 cxd4 4. Nxd4 Nf6 5. Nc3 d6 6. Bc4 Qb6 7. Ndb5 (7. Nb3
) 7... a6 8. Be3 Qa5 9. Nd4 e6 (9... Nxe4 $6 10. Qf3 Ne5 11. Qxe4 Nxc4 12. Nb3
Qc7 13. Nd5 Qc6 14. Nd4 Qd7 15. O-O) 10. O-O Be7 11. Bb3 O-O 12. f4 Nxd4 13.
Bxd4 e5 $1 14. Bf2 (14. fxe5 dxe5 15. Be3 Be6 (15... Ng4 $2 16. Qd5 $1)) 14...
exf4 15. Bd4 Qg5 $1 16. Qd2 Be6 17. Rae1 Ng4 $1 18. Rxf4 $4 (18. Qxf4 $10)
18... Qh6 $1 19. h3 Bg5 20. Ref1 Ne5 21. Nd5 Ng6 22. Be3 Nxf4 23. Bxf4 Bxf4 24.
Rxf4 Qg5 25. Kh1 Bxd5 26. Bxd5 Qe7 $2 (26... Kh8 {/\27...f5! 28.Qf2 f6}) 27. a4
a5 28. Rf3 Rac8 29. Rb3 Qc7 30. Rc3 (30. Rxb7 $2 Qxc2 31. Qxa5 $2 Qc1+ 32. Kh2
Qf4+) 30... Qb8 31. Rg3 $1 Rc5 32. Rxg7+ 1/2-1/2

[Event "BUL-ch"]
[Site "Sofia"]
[Date "1996.??.??"]
[Round "4"]
[White "Kolev, Atanas"]
[Black "Delchev, Aleksander"]
[Result "1/2-1/2"]
[WhiteElo "2520"]
[BlackElo "2510"]
[Annotator "Bulletin"]
[PlyCount "57"]
[EventDate "1996.??.??"]
[EventType "k.o."]
[EventRounds "5"]
[EventCountry "BUL"]
[SourceTitle "EXT 1999"]
[Source "ChessBase"]
[SourceDate "1998.11.16"]
[SourceVersion "1"]
[SourceVersionDate "1998.11.16"]
[SourceQuality "1"]

1. e4 c5 2. Nf3 Nc6 3. d4 cxd4 4. Nxd4 Nf6 5. Nc3 d6 6. Bg5 Qb6 7. Nb3 e6 8.
Bf4 (8. Bd3 Be7 9. Qe2 (9. O-O a6 (9... O-O 10. Kh1 a6 11. Qe2 {N} Qc7 12. f4
b5 13. Rae1 Nb4 14. e5 Nfd5 15. Bxe7 Qxe7 16. Ne4 dxe5 {1/2-1/2 van der Wiel,
J-Benjamin,Joel/Wijk aan Zee 48/(264) 1989}) 10. a4 Na5 11. Nxa5 {N; 11.Be3 -
38/246} Qxa5 12. Bd2 Qh5 13. Qe1 Ng4 14. h3 Ne5 15. Be2 Qh4 16. Qd1 g5 17. f4
gxf4 18. Rxf4 Qg3 19. Bg4 Ng6 20. Ne2 Qh4 21. g3 Qg5 22. Rf5 $18 {+- Ivanovic,
B-Plachetka,J/Stara Pazova 46/(248) 1988}) 9... a6 10. Be3 Qc7 11. f4 b5 12. g4
Bb7 13. g5 Nd7 {0-1 Bjerring Kai-Hamann Svend/Ch City, Copenhagen (Denmark) (3)
1996}) (8. Bxf6 gxf6 9. Qd2 a6 10. O-O-O Bd7 11. f4 h5 12. g3 O-O-O 13. Kb1 Kb8
14. Be2 h4 15. g4 Rc8 16. h3 Be7 17. Rhf1 Rc7 18. Rf3 Rhc8 19. Na4 {0-1
Korneev,Oleg-Vasiukov,Evgeny/Elista ch-RUS (08) 1995}) (8. Qd2 Be7 9. f3 O-O
10. g4 Rd8 11. Be3 Qc7 12. g5 Nd7 13. O-O-O a6 14. h4 b5 15. h5 Nb6 16. g6 Bf6
17. h6 fxg6 18. hxg7 Na4 19. Nd4 {0-1 Xie Jun-Polgar Zsuzsa/Ch World (match) 
(w), Jaen (Spain) (4) 1996} (19. Nd4 Nxd4 {0-1 Xie Jun-Polgar,Z (04)/WchW Jaen
;CBM 52_06 1996})) (8. Be2 Be7 9. Bxf6 gxf6 10. Bh5 Bd7 11. Qd2 Na5 12. O-O
Nxb3 13. axb3 Qc5 14. Qe2 a6 15. Kh1 Rg8 {1/2-1/2 Arencibia,Walter-Alvarez,
Jose/Matanzas ch-CU 1995}) (8. a4 Be7 9. a5 Qd8 10. Bd3 O-O 11. Bc4 h6 12. f4
Bd7 13. g3 Nb4 14. Qf3 e5 15. Qd1 Qc7 16. Qxd6 Rfe8 17. Kd2 Bf8 18. Qxe5 Bc6
19. Bd3 Red8 {0-1 Short,Nigel-Ivanov,Igor/Hastings (07) 1983}) 8... Ne5 9. Be2
(9. Be3 Qc7 10. f4 Ng6 11. Qf3 Bd7 12. Bd3 Be7 13. O-O-O Bc6 14. Nd4 {+/-
Greenfeld,A-Schrenzel,I/Israel 37/(209) 1983}) 9... Bd7 (9... Be7 {-65/b57
Rublevski-Nevednichi 1996}) 10. Be3 Qc7 11. f4 Nc4 12. Bxc4 Qxc4 13. Qf3 Bc6
14. Nd4 d5 15. e5 Nd7 (15... Ba3 {Ninov,N}) (15... Ba3 $3 16. Nd1 $8 Bxb2 17.
Nxb2 Qc3+ 18. Ke2) 16. Qe2 Nb6 17. Qd3 Bb4 18. O-O Bxc3 19. bxc3 Qxd3 20. cxd3
Rc8 21. Rab1 O-O 22. Rfc1 Rc7 23. Rb4 Bd7 24. Ne2 Nc8 25. c4 dxc4 26. Rbxc4
Rxc4 27. dxc4 f6 28. exf6 gxf6 29. Rd1 1/2-1/2

[Event "USA-ch G1"]
[Site "Chandler"]
[Date "1997.08.24"]
[Round "2"]
[White "Christiansen, Larry Mark"]
[Black "Yermolinsky, Alex"]
[Result "1-0"]
[WhiteElo "2550"]
[BlackElo "2650"]
[Annotator "ChessBase"]
[PlyCount "95"]
[EventDate "1997.08.23"]
[EventType "tourn"]
[EventRounds "7"]
[EventCountry "USA"]
[EventCategory "12"]
[SourceTitle "CBM 061"]
[Source "ChessBase"]
[SourceDate "1997.11.23"]
[SourceVersion "1"]
[SourceVersionDate "1997.11.23"]
[SourceQuality "1"]

1. e4 c5 2. Nf3 d6 3. d4 cxd4 4. Nxd4 Nf6 5. Nc3 Nc6 6. Bc4 Qb6 7. Ndb5 a6 8.
Be3 Qa5 9. Nd4 Ne5 10. Nb3 Qc7 11. Be2 e6 12. f4 Nc6 (12... Nc4 13. Bxc4 Qxc4
14. Qf3 Bd7 15. O-O-O Rc8 16. Bd4 b5 17. a3 Be7 18. Bxf6 gxf6 19. f5 h5 20. Qg3
b4 21. axb4 Qxb4 22. Rd4 Qb6 23. Rhd1 h4 24. Qg7 Rf8 25. Kb1 a5 26. fxe6 fxe6
27. R1d3 {Ivanchuk,V-Kramnik,V/Paris PCA-Intel GP 1995/EXP 49/1-0 (43)}) 13. g4
b5 14. g5 (14. Bd3 Bb7 15. g5 Nd7 16. Qf3 Nc5 17. h4 Nb4 18. Rd1 d5 19. Nxc5
Bxc5 20. Bxc5 Qxc5 21. a3 Nxd3+ 22. cxd3 dxe4 23. dxe4 Rc8 24. Qf2 O-O 25. Qxc5
Rxc5 26. Kf2 a5 27. Rd4 e5 28. fxe5 Rxe5 {Czebe,A-Wilhelmi,C/Budapest FS02 IM
1996/EXP 51/1-0 (53)}) 14... Nd7 15. Bf3 Bb7 16. Qe2 b4 (16... Nb6 $1 {Gulko}
17. O-O-O Be7 {/\ 18... b4, 18... Nc4<=>}) 17. Na4 a5 18. c4 {/^a6-f1} Be7 19.
O-O O-O 20. Rac1 Rfd8 (20... e5 $6 {Gulko} 21. f5 Nd4 22. Bxd4 exd4 23. f6 gxf6
24. Nxd4 $40) 21. Qf2 Nc5 22. Naxc5 dxc5 23. Nxc5 Bxc5 24. Bxc5 Qxf4 25. Be3
Qe5 (25... Qd6 $2 {Gulko} 26. Bh5 Ne5 27. Bxf7+ Kh8 28. Bf4 $18) (25... Qc7 $5
{Gulko} 26. Bb6 Qe7 27. Bxd8 Rxd8 28. h4 Nd4 $44) 26. Bg2 Rd7 27. Rcd1 Qc7 (
27... Rad8 {Gulko} 28. Bf4 $18) 28. Bb6 Qc8 29. Qf4 e5 30. Qf5 Nd4 31. Qxe5 Ne6
32. b3 a4 33. Be3 axb3 34. axb3 Qd8 35. Rd5 Qe7 36. c5 Nc7 37. Qxe7 Rxe7 38.
Rd4 Rae8 39. Bf4 Ne6 40. Rxb4 Nxf4 41. Rxf4 Rc8 42. Rb5 Bc6 43. Rb6 Re5 44. Rf5
Ree8 45. Rf2 Re5 46. Bh3 Rc7 47. Rb8+ Be8 48. c6 1-0

[Event "Interzonal-14a"]
[Site "Subotica"]
[Date "1987.??.??"]
[Round "7"]
[White "Prasad, Devaki V"]
[Black "Speelman, Jonathan S"]
[Result "0-1"]
[WhiteElo "2425"]
[BlackElo "2550"]
[Annotator "ChessBase"]
[PlyCount "76"]
[EventDate "1987.06.??"]
[EventType "tourn"]
[EventRounds "17"]
[EventCountry "YUG"]
[EventCategory "11"]
[SourceTitle "CBM 003"]
[Source "ChessBase"]
[SourceDate "1988.04.01"]
[SourceVersion "1"]
[SourceVersionDate "1988.04.01"]
[SourceQuality "1"]

1. e4 c5 2. Nf3 Nc6 3. d4 cxd4 4. Nxd4 Nf6 5. Nc3 d6 6. Bc4 Qb6 7. Nb3 e6 8.
Be3 Qc7 9. Bd3 a6 10. a4 b6 11. f4 g6 12. O-O Bg7 13. Qe2 O-O 14. g4 Nb4 15. g5
Nd7 16. f5 exf5 17. exf5 Bxc3 18. bxc3 Nxd3 19. cxd3 Bb7 20. Nd4 Rae8 21. Qd2
Ba8 22. Kf2 Re5 23. Bf4 Rfe8 24. Kg3 Nc5 25. Kh4 Qd7 26. Rab1 Nxa4 27. Bxe5
dxe5 28. fxg6 hxg6 29. Nc2 Nxc3 $1 $19 30. Qxc3 Bg2 31. Kg3 $1 (31. d4 Rc8 $1
32. Qd3 Rxc2 33. Qxc2 Qh3#) 31... Qh3+ 32. Kf2 Bxf1 33. Ne3 (33. Rxf1 Rc8 34.
Qd2 Rxc2 35. Qxc2 Qxh2+ 36. Ke1 Qxc2 $19) 33... Qxh2+ 34. Kxf1 Qh1+ 35. Kf2
Qxb1 36. Ng4 Qa2+ 37. Kg3 Qe6 38. Nf6+ Kg7 0-1

[Event "Mexico City op"]
[Site "Mexico City"]
[Date "1991.??.??"]
[Round "5"]
[White "Hernandez Guerrero, Gilberto Eduardo"]
[Black "Fedorowicz, John P"]
[Result "1/2-1/2"]
[WhiteElo "2525"]
[BlackElo "2555"]
[Annotator "ChessBase"]
[PlyCount "44"]
[EventDate "1991.07.??"]
[EventType "swiss"]
[EventRounds "11"]
[EventCountry "MEX"]
[SourceTitle "TD"]
[Source "ChessBase"]
[SourceDate "1994.03.01"]
[SourceVersion "1"]
[SourceVersionDate "1994.03.01"]
[SourceQuality "1"]

1. e4 c5 2. Nf3 Nc6 3. d4 cxd4 4. Nxd4 Nf6 5. Nc3 d6 6. Bc4 Qb6 7. Nb3 e6 8.
Qe2 Be7 9. f4 a6 10. Bd3 O-O 11. Be3 Qc7 12. O-O-O b5 13. Kb1 Nd7 14. g4 Nb4
15. Rc1 Re8 16. g5 Bf8 17. h4 Nb6 18. a3 Nc6 19. e5 d5 20. h5 Nc4 (20... d4 $1)
21. g6 fxg6 22. Bf2 Rd8 {(...)} 1/2-1/2

[Event "Vienna op"]
[Site "Vienna"]
[Date "1990.??.??"]
[Round "9"]
[White "Felsberger, Alfred"]
[Black "Videki, Sandor"]
[Result "1-0"]
[WhiteElo "2310"]
[BlackElo "2385"]
[Annotator "Dueckstein,A"]
[PlyCount "63"]
[EventDate "1990.10.??"]
[EventType "swiss"]
[EventRounds "9"]
[EventCountry "AUT"]
[SourceTitle "CBM 021"]
[Source "ChessBase"]
[SourceDate "1991.04.01"]
[SourceVersion "1"]
[SourceVersionDate "1991.04.01"]
[SourceQuality "1"]

1. e4 c5 2. Nf3 Nc6 3. d4 cxd4 4. Nxd4 Nf6 5. Nc3 d6 6. Bc4 Qb6 7. Ndb5 {
Selten gespielt, obwohl natürlicher als 7.Sb3.} a6 8. Be3 Qa5 9. Nd4 e6 {
Auf 9....Sxe4 erlangt Weiß mit 10.Df3 eine gefährliche Initiative.} 10. O-O Be7
11. f4 O-O 12. Bb3 Bd7 13. f5 Nxd4 14. Bxd4 e5 {14....exf5 15.exf5 Lxf5?
scheitert an 16.Sd5. In Frage kommt 14....b5.} 15. Bf2 {Das folgende Manöver
sichert dem Weißen das Feld d5.} Bc6 16. Bh4 Rfe8 17. Bxf6 Bxf6 18. Qh5 {
Während der weiße Angriff bereits Konturen annimmt, hat Schwarz keinerlei
Gegenspiel.} Qc7 19. Rf3 Rac8 20. Raf1 b5 21. g4 Qe7 22. h4 b4 {Nach 22....
Lxh4? 23.Th3 ginge der Läufer verloren.} 23. Nd5 Bxd5 24. Bxd5 h6 {Auf 24....
Txc2 folgt 25.g5 Da7+ 26.Kh1 Ld8 27.g6.} 25. g5 $1 {Die entscheidende
Linienöffnung.} hxg5 26. hxg5 Bxg5 27. Rh3 Bh6 28. f6 $1 {Entwurzelt den
Läufer und öffnet eine weitere Linie.} Qa7+ 29. Kh1 Rxc2 30. fxg7 Rf2 31. Rf3
Rxf3 32. Rxf3 {Schwarz gibt auf. [IM Dr. A. Dueckstein]} 1-0

[Event "Bundesliga 1112"]
[Site "Germany"]
[Date "2011.10.15"]
[Round "2.6"]
[White "Reeh, Oliver"]
[Black "Edouard, Romain"]
[Result "0-1"]
[WhiteElo "2453"]
[BlackElo "2608"]
[Annotator "Edouard,R"]
[PlyCount "82"]
[EventDate "2011.10.14"]
[EventType "team-tourn"]
[EventRounds "15"]
[EventCountry "GER"]
[SourceTitle "CBM 145"]
[Source "ChessBase"]
[SourceDate "2011.11.11"]
[SourceVersion "1"]
[SourceVersionDate "2011.11.11"]
[SourceQuality "1"]
[WhiteTeam "Hamburger SK"]
[BlackTeam "Werder Bremen"]
[WhiteTeamCountry "GER"]
[BlackTeamCountry "GER"]

{My second Bundesliga game with Werder Bremen, a super team from all points of
view.} 1. e4 c5 2. Nf3 d6 3. d4 cxd4 4. Nxd4 Nf6 5. Nc3 Nc6 6. Bc4 Qb6 7. Nde2
e6 8. O-O a6 (8... Be7 {might be a smarter move order in order to permit} 9.
Bb3 O-O 10. Bg5 Na5 $1 {not allowing Ba4+.}) 9. Bb3 Be7 10. Bg5 Qc7 11. Ng3 h6
$5 {Avoiding too many exchanges.} ({Of course I can play something like} 11...
b5 {but after} 12. Nh5 Nxh5 13. Bxe7 Qxe7 14. Qxh5 O-O {the position seemed
rather flat to me, since a lot of pieces have left the board.}) 12. Bxf6 $5 {
The most tactical choice, which I expected, since my opponent is a very famous
ChessBase commentator for tactics!} (12. Be3 h5 $5 {looks a very decent option
for Black to me. Black is going to play ...h4, ...b5, and take some space,
while White should take measures against ...Ng4 ideas (for example h4 or f4
would be too early). Of course it is weakening - nothing is perfect - and I
believe the position is simply unclear.}) 12... Bxf6 13. Nh5 Be5 $6 {
Definitely not the best, though not so bad, but I missed a few details, and
also simply thought the rest was either too calm or really too dangerous. In
fact, this was probably both the worst and most dangerous, though there is no
huge difference between my three possibilities.} ({After} 13... Bxc3 14. bxc3
g6 15. Nf6+ {[%cal Gf2f4,Gf6g4,Gg4e3] I don't like Black's position: White
will go Ng4-Ne3 and f4-f5 at some point. I don't think the c3-pawn is such a
weakness yet and I think White has some sort of attack almost for free. Black
should be OK after some ...Kf8-...Kg7 followed by some solid and precise moves,
but I don't think I'm fighting for more than equalising here.}) (13... Bd4 {
was the other option, which I didn't consider due to} 14. Ne2 Bxb2 15. Rb1 {
which I thought was bad for Black. However I had missed} Qa5 $1 16. Bd5 $1 {
(otherwise one of the white knights has to move, and my dark-squared bishop
will get to a decent place!)} exd5 (16... Ba3 $5 {(a move nobody likes to play,
I think!)} 17. Bxc6+ bxc6 18. Nef4 $5 O-O 19. Qf3 {is unclear, but somehow not
so pleasant for Black.}) 17. exd5 Ba3 18. dxc6 Qxh5 19. cxb7 Bxb7 20. Rxb7 O-O
{and the position is equal.}) 14. f4 Bd4+ 15. Kh1 g6 16. Ne2 $1 {Good and
necessary.} ({After} 16. Ng3 Bd7 {Black will castle long and surely is
completely fine (I would say even a bit better).}) 16... Bxb2 17. Rb1 gxh5 (
17... Ba3 $6 18. Nf6+ {is bad for Black, especially since} Ke7 $2 {loses to}
19. f5 $1 Ne5 20. fxe6 fxe6 21. Nf4 $18) 18. Rxb2 Bd7 {I need to castle long!}
19. Rf3 (19. f5 {was simply the best, since White gets a pawn back and will
make some pressure:} O-O-O 20. Nf4 Rhe8 (20... exf5 $6 21. Bxf7 $1 {is better
for White.}) 21. Qxh5 (21. Nxh5 exf5 {followed by ...Re5 with counterplay.})
21... Ne5 22. Rfb1 {and somehow Black has some difficulties organising his
pieces. The position is not that clear, but surely unpleasant for Black.}) (19.
c4 O-O-O {is quite good for Black. White has got a solid centre and of course
Black's extra pawn is not that great, but I'm going to push ...h4 and use the
g-file for my rooks. White can probably get a pawn back by playing some knight
moves, but then Black will definitely have good coordination.}) (19. Bc4 $5 {
was a clever option suggested by my opponent while analysing the game, to get
the bishop out of that "jail" on b3 (somehow later we'll see that the bishop
is stuck there and prevents White from attacking). However, after} Na5 20. Bd3
(20. Qd4 Ke7 $5) 20... O-O-O {[%cal Gh8g8,Gc7c5] Black will go ...Rh8, ...Qc5,
and ...d5 at some point, and I don't really see how White is going to attack.}
(20... Nc4 {which we considered good was not so great after} 21. Rb3 $1 {
followed by Qa1.})) 19... O-O-O 20. Rc3 {An interesting plan, but too slow.} d5
$5 {The good way (and place) to react! But actually, maybe another option
would be worth a try. In fact, for some reason we both thought the d5-pawn was
completely untouchable, but it seems that taking it just gives a dead drawn
position.} 21. exd5 (21. e5 Qa5 {is much better for Black in my opinion, due
to White's very badly placed bishop.}) 21... exd5 22. Nd4 (22. Bxd5 Bg4 ({After
} 22... Rhe8 23. Rd3 {it seems that Black has nothing really better than} Bg4)
23. Rd3 Rhe8 24. c4 Rxe2 25. Rxe2 Bxe2 (25... Qxf4 26. h3 {is OK for White.})
26. Qxe2 Nb4 {with a dead draw, it seems.}) (22. h3 d4 $1 {is good for Black.})
22... Rhe8 $1 {Black wants to go ...Re4, in order to break White's conception.}
({The illogical} 22... Qxf4 $6 23. Ba4 {is dangerous for Black.}) ({is not too
logical either, since after} 22... Qa5 23. Qd2 Kb8 24. Rb1 {White will play
Rd1 and/or Rd3 and probably hold the position, though Black is a bit better.})
23. Rb1 {The most natural. My opponent was already lacking time.} (23. h3 Re4
$1 (23... Qxf4 $5 24. Ba4 Qf2 $1 25. Rb1 Rg8 26. Qg1 Qxg1+ 27. Kxg1 Rg6 $17)
24. Bxd5 $140 $2 Qa5 $1 $19) 23... Re4 24. Bxd5 $2 {Probably just a
miscalculation.} (24. Nxc6 Bxc6 {would free all Black's position: ...d4 is
coming, with some problems on the c6-h1 diagonal, some problems on the e-file,
and the f4-pawn, etc.. Black is much better, for example:} 25. Qxh5 Rde8 26.
Rg1 Re1 {and Black is almost winning. All other 24th moves would definitely be
clearly better for Black, but best...}) 24... Rxd4 25. Qxd4 Nxd4 26. Bxb7+ Kb8
27. Bxa6+ Nb5 $19 {Technically better than 27...Bb5: my bishop is stronger
than my opponent's one. There is no point exchanging them.} 28. Rxc7 Kxc7 29.
h3 Nd4 30. c3 Ne6 31. Rb7+ Kd6 32. Bc4 Nxf4 33. Bxf7 Bc6 34. Rb4 Ke5 35. Rb2
Rf8 36. Bc4 Nxg2 37. Re2+ Ne3+ 38. Kh2 Ke4 39. Kg3 Rf3+ 40. Kh4 Kf4 41. Be6 Rg3
(41... Rg3 42. Rd2 Rg5 $19) 0-1